| 000 | 00483nam a22001817a 4500 | ||
|---|---|---|---|
| 003 | OSt | ||
| 005 | 20140310182805.0 | ||
| 008 | 130214t xxu||||| |||| 00| 0 eng d | ||
| 020 | _a9812471391 | ||
| 050 |
_aRM 170 _b.W555 2004 vol.1 |
||
| 245 |
_aNurse's drug guide 2004 / _cBillie Ann Wilson. |
||
| 260 |
_aUpper Saddle River, N.J. : _bPearson Education, _c2004. |
||
| 300 |
_a785 p. : _c20 cm. |
||
| 521 | _aNUR | ||
| 650 | _aNursing | ||
| 942 |
_2lcc _cBK _kFOR |
||
| 999 |
_c16069 _d16069 |
||